000 00532nam a2200205Ia 4500
005 20260429112223.0
008 260429s9999||||xx |||||||||||||| ||und||
020 _a9789349281493
041 _aEnglish
082 _a346.03
_bGUP
100 _aGupta, Himanshi
245 0 _aLaw of torts and consumer protection /
_cHimanshi Gupta
260 _aJaipur :
_bYking Book,
_c2025.
300 _avi, 231 p.; hb
650 _a Consumer protection
650 _a Private law
650 _a Torts law
650 _aLaw
942 _cTB
999 _c52966
_d52966